| 000 | 00551nam a22001577a 4500 | ||
|---|---|---|---|
| 999 |
_c534115 _d534115 |
||
| 020 | _qHard Cover. | ||
| 082 | _a616 | ||
| 100 | _aNaheed, Sara Sabir | ||
| 245 |
_aMechanistic study of interaction between HCV and Host Genes Involved in HCV pathogenesis / _cSara Naheed Sabir. |
||
| 260 |
_aIslamabad : _bASAB - NUST, _c2013. |
||
| 300 |
_axiv, 87 p. : ill, ; _c30cm. |
||
| 942 |
_2ddc _cTHE |
||
| 650 |
_aVirology & Immunology M. Phil.-Thesis _928258 |
||
| 700 |
_aDr. Muhammad Ashraf. _927615 |
||